La necrópolis de la Dehesa de la Casa (Record no. 180089)

MARC details
000 -LEADER
campo de control de longitud fija 01033nam a2200265 i 4500
001 - NÚMERO DE CONTROL
campo de control 180089
003 - IDENTIFICADOR DE NÚMERO DE CONTROL
campo de control ES-MaACL
005 - FECHA Y HORA DE LA ÚLTIMA TRANSACCIÓN
campo de control 20230928114652.0
008 - DATOS DE LONGITUD FIJA--INFORMACIÓN GENERAL
campo de control de longitud fija 120416s1994 sp abeo |||| | spa d
020 ## - NÚMERO INTERNACIONAL ESTÁNDAR DEL LIBRO
Número Internacional Estándar del Libro 84-87319-97-1
080 ## - NÚMERO DE LA CLASIFICACIÓN DECIMAL UNIVERSAL
Número de la Clasificación Decimal Universal 904(460.283)"04/07"
100 1# - ENTRADA PRINCIPAL--NOMBRE DE PERSONA
Nombre de persona López Requena, Mercedes.
9 (RLIN) 149774
245 13 - MENCIÓN DEL TÍTULO
Título La necrópolis de la Dehesa de la Casa
Resto del título : una aproximación al estudio de la época visigoda en la provincia de Cuenca /
Mención de responsabilidad, etc. Mercedes López Requena, Rafael Barroso Cabrera.
260 ## - PUBLICACIÓN, DISTRIBUCIÓN, ETC.
Lugar de publicación, distribución, etc. Cuenca :
Nombre del editor, distribuidor, etc. Diputación de Cuenca,
Fecha de publicación, distribución, etc. [1994]
300 ## - DESCRIPCIÓN FÍSICA
Extensión 150 p. :
Otras características físicas il., fot., planos ;
Dimensiones 26 cm.
490 1# - MENCIÓN DE SERIE
Mención de serie Arqueología conquense ;
Designación de volumen o secuencia 12
500 ## - NOTA GENERAL
Nota general Índice.
651 #4 - PUNTO DE ACCESO ADICIONAL DE MATERIA--NOMBRE GEOGRÁFICO
Nombre geográfico Cuenca (Provincia)-
Subdivisión general Restos arqueológicos.
9 (RLIN) 149775
700 1# - ENTRADA AGREGADA--NOMBRE PERSONAL
Nombre de persona Barroso Cabrera, Rafael.
9 (RLIN) 149776
710 1# - ENTRADA AGREGADA--NOMBRE DE ENTIDAD CORPORATIVA
Nombre de entidad corporativa o nombre de jurisdicción como elemento de entrada Cuenca (Provincia).
Unidad subordinada Diputación Provincial.
9 (RLIN) 3346
830 0# - PUNTO DE ACCESO ADICIONAL DE SERIE-TÍTULO UNIFORME
Título uniforme Arqueología conquense ;
Designación de volumen o secuencia 12
9 (RLIN) 187605
852 ## - LOCALIZACIÓN
Ubicación ES-MaACL
Número de control de estantería A-12047
itemnumber 186999
Sublocalización o colección R.146870
Ubicación en estantería Depósito 1
Signatura antigua Olim: N-5052
942 ## - ELEMENTOS DE ENTRADA SECUNDARIOS (KOHA)
Fuente del sistema de clasificación o colocación Clasificación decimal universal
Holdings
Estatus retirado Estado de pérdida Fuente del sistema de clasificación o colocación Estado de daño No para préstamo Biblioteca de origen Biblioteca actual Ubicación en estantería Fecha de adquisición Fuente de adquisición Total de préstamos Signatura topográfica completa Código de barras Visto por última vez Precio de reemplazo Tipo de ítem Koha
    Clasificación decimal universal     Biblioteca del Ateneo de Madrid Biblioteca del Ateneo de Madrid Depósito 1 16/04/2012 Donación   A-12047 1189224 23/02/2023 23/02/2023 Libro impreso